000 00432nam a2200169Ia 4500
005 20250423101506.0
008 250422s9999 xx 000 0 und d
020 _a9781403151575
050 _aBP 605.S2 .H83/
100 _aHubbard, Ron L.
245 4 _aThe way to happiness: a common sense guide to better living
260 _aCalifornia
260 _bBridge Publications
260 _c2009
300 _a248 p
942 _cBK
999 _c36442
_d36442